[Event "Krasnodar Winter B"]
[Site "Krasnodar"]
[Date "2011.02.04"]
[Round "5"]
[White "Goncharov, Daniil"]
[Black "Spassky, Vladimir"]
[Result "1-0"]
[WhiteElo "1501"]
[BlackElo "1778"]
[PlyCount "41"]
[EventDate "2011.02.02"]
[EventType "tourn"]
[EventRounds "13"]
[EventCountry "RUS"]
[SourceTitle "EXT 2022"]
[Source "ChessBase"]
[SourceDate "2021.10.06"]
[SourceVersion "1"]
[SourceVersionDate "2021.10.06"]
[SourceQuality "1"]

1. e4 e5 2. Nf3 Nc6 3. d4 exd4 4. Nxd4 Nf6 5. Nc3 Bb4 6. Nxc6 bxc6 7. Bd3 h6 8. a3 Be7 9. 0-0 0-0 10. e5 Nd5 11. Nxd5 cxd5 12. Qh5 d6 13. Bxh6 gxh6 14. Qxh6 f5 15. exf6 Rxf6 16. Qh7+ Kf8 17. Bg6 Be6 18. Rae1 Rxg6 19. Qxg6 Bf7 20. Qh6+ Kg8 21. Re3 1-0

[Event "Krasnodar Winter B"]
[Site "Krasnodar"]
[Date "2011.02.04"]
[Round "4"]
[White "Spassky, Vladimir"]
[Black "Antipov, Valeriy"]
[Result "1/2-1/2"]
[WhiteElo "1778"]
[BlackElo "1822"]
[PlyCount "122"]
[EventDate "2011.02.02"]
[EventType "tourn"]
[EventRounds "13"]
[EventCountry "RUS"]
[SourceTitle "EXT 2022"]
[Source "ChessBase"]
[SourceDate "2021.10.06"]
[SourceVersion "1"]
[SourceVersionDate "2021.10.06"]
[SourceQuality "1"]

1. e4 c5 2. c3 Nf6 3. e5 Nd5 4. Nf3 Nc6 5. Bc4 e6 6. d4 d6 7. 0-0 dxe5 8. dxe5 Be7 9. Nbd2 0-0 10. Re1 a6 11. a4 b6 12. Ne4 Bb7 13. Bg5 Nxe5 14. Nxe5 Bxg5 15. Qh5 Bh6 16. Rad1 Qe7 17. Ng4 Bf4 18. Bxd5 Bxd5 19. Rxd5 f5 20. Ng3 fxg4 21. Qxg4 e5 22. Rd7 Qg5 23. Qxg5 Bxg5 24. Rxe5 Bf6 25. Re6 Rab8 26. Ne4 Rfe8 27. Nxf6+ gxf6 28. Rxe8+ Rxe8 29. Kf1 Re6 30. f3 f5 31. Kf2 h6 32. Ra7 a5 33. Rd7 Kf8 34. Rd5 Rf6 35. Re5 Kf7 36. Ke3 Kg6 37. Kf4 Rd6 38. Re2 Kf6 39. h3 Rd1 40. Re5 Ra1 41. Rxf5+ Kg6 42. Rd5 Rxa4+ 43. Ke3 Kg7 44. Rd7+ Kg8 45. Rd6 b5 46. Rxh6 Ra2 47. Rh5 Rxb2 48. Rxc5 a4 49. g4 a3 50. Rc8+ Kg7 51. Ra8 a2 52. Kd4 Kf6 53. h4 Rf2 54. Ra6+ Kf7 55. g5 Rxf3 56. Rxa2 Rf4+ 57. Kc5 Rc4+ 58. Kxb5 Rxc3 59. Ra6 Rh3 60. Ra4 Kg6 61. Kc5 Kh5 1/2-1/2

[Event "Krasnodar Winter B"]
[Site "Krasnodar"]
[Date "2011.02.03"]
[Round "3"]
[White "Sapronov, Anatoliy"]
[Black "Spassky, Vladimir"]
[Result "1/2-1/2"]
[WhiteElo "1780"]
[BlackElo "1778"]
[PlyCount "53"]
[EventDate "2011.02.02"]
[EventType "tourn"]
[EventRounds "13"]
[EventCountry "RUS"]
[SourceTitle "EXT 2022"]
[Source "ChessBase"]
[SourceDate "2021.10.06"]
[SourceVersion "1"]
[SourceVersionDate "2021.10.06"]
[SourceQuality "1"]

1. c4 c5 2. Nf3 Nf6 3. d4 cxd4 4. Nxd4 e6 5. Nc3 d5 6. cxd5 Nxd5 7. Qa4+ Bd7 8. Qb3 Nb6 9. e4 Nc6 10. Nf3 Bc5 11. Be2 0-0 12. 0-0 a6 13. Bf4 Nd4 14. Nxd4 Bxd4 15. Bd6 Re8 16. Rad1 e5 17. Ba3 Be6 18. Qc2 Rc8 19. Rd2 Bc4 20. Qd1 Bxe2 21. Nxe2 Nc4 22. Rd3 Nxa3 23. Nxd4 exd4 24. Rxd4 Qe7 25. bxa3 Qxa3 26. Qd2 h6 27. h3 1/2-1/2

[Event "Krasnodar Winter B"]
[Site "Krasnodar"]
[Date "2011.02.03"]
[Round "2"]
[White "Spassky, Vladimir"]
[Black "Sverkunov, Oleg"]
[Result "0-1"]
[WhiteElo "1778"]
[BlackElo "1895"]
[PlyCount "70"]
[EventDate "2011.02.02"]
[EventType "tourn"]
[EventRounds "13"]
[EventCountry "RUS"]
[SourceTitle "EXT 2022"]
[Source "ChessBase"]
[SourceDate "2021.10.06"]
[SourceVersion "1"]
[SourceVersionDate "2021.10.06"]
[SourceQuality "1"]

1. e4 g6 2. d4 Bg7 3. f4 d6 4. Nf3 c5 5. Bb5+ Bd7 6. Bxd7+ Nxd7 7. d5 Ngf6 8. Qe2 a6 9. 0-0 b5 10. a3 0-0 11. Nc3 Nb6 12. Rb1 Qc7 13. Kh1 Nfd7 14. Be3 Nc4 15. Bd2 Nxd2 16. Qxd2 Qa5 17. Ne2 Qa4 18. Ng3 b4 19. axb4 cxb4 20. b3 Qa5 21. Nd4 Nb8 22. Nge2 Rc8 23. Rbc1 Ra7 24. Rf3 Rac7 25. g4 Qb6 26. h4 a5 27. Rb1 Nd7 28. Nc6 Nf6 29. e5 Nxg4 30. exd6 exd6 31. f5 Rxc6 32. dxc6 Qxc6 33. Kg2 Ne5 34. Rbf1 Nxf3 35. Rxf3 Be5 0-1

[Event "Krasnodar Summer"]
[Site "Krasnodar"]
[Date "2010.06.23"]
[Round "2"]
[White "Anokhin, Andrey"]
[Black "Spassky, Vladimir"]
[Result "1/2-1/2"]
[WhiteElo "1810"]
[BlackElo "1836"]
[PlyCount "84"]
[EventDate "2010.05.22"]
[EventType "tourn"]
[EventRounds "15"]
[EventCountry "RUS"]
[SourceTitle "EXT 2022"]
[Source "ChessBase"]
[SourceDate "2021.10.06"]
[SourceVersion "1"]
[SourceVersionDate "2021.10.06"]
[SourceQuality "1"]

1. Nf3 d5 2. c4 c6 3. b3 Nf6 4. e3 a6 5. Bb2 e6 6. Be2 Be7 7. 0-0 0-0 8. Nc3 dxc4 9. bxc4 c5 10. Qc2 Nc6 11. a3 h6 12. Rfd1 Qc7 13. h3 Rd8 14. Rab1 Rb8 15. Ne4 e5 16. Nxf6+ Bxf6 17. d3 Bf5 18. Nh2 Re8 19. Ng4 Bg5 20. Bf3 Na5 21. Qc3 Bxg4 22. Bxg4 Bf6 23. Qc2 Rbd8 24. Bf3 Nc6 25. Bc3 Rb8 26. Qb2 b5 27. Bxc6 Qxc6 28. cxb5 Rxb5 29. Qa1 Qd5 30. a4 Rxb1 31. Qxb1 Qd6 32. Qc2 Rb8 33. Rb1 Rxb1+ 34. Qxb1 Bd8 35. Qc2 f6 36. Qb3+ Kf8 37. d4 exd4 38. exd4 Be7 39. dxc5 Qxc5 40. Qb8+ Kf7 41. Qb3+ Kg6 42. Kf1 Bd6 1/2-1/2